[Event "30th Roquetas de Mar Open"]
[Site "Roquetas de Mar ESP"]
[Date "2019.01.03"]
[Round "3.1"]
[White "Nguyen,P"]
[Black "Shirov,A"]
[Result "1/2-1/2"]
[WhiteElo "2403"]
[BlackElo "2643"]

1.f4 g6 2.Nf3 Bg7 3.g3 d6 4.d3 e5 5.Nc3 Ne7 6.Bg2 Nbc6 7.O-O O-O 8.e4 Bg4
9.h3 Bxf3 10.Qxf3 f5 11.Nd5 exf4 12.Nxf4 Qd7 13.c3 Ne5 14.Qe2 fxe4 15.Qxe4 Nf5
16.Qd5+ Kh8 17.d4 c6 18.Qe6 Rae8 19.Qxd7 Nxd7 20.Kh2 Nb6 21.a4 Nc4 22.a5 d5
23.Rf2 Re1 24.Rf1 Rfe8 25.b3 Rxf1 26.Bxf1 Ncd6 27.g4 Nh4 28.Bd3 Ne4 29.Bxe4 Rxe4
30.Kg3 Bf6 31.Nd3 g5 32.Ra2 Kg7 33.Kf2 Re7 34.Nc5 b6 35.axb6 axb6 36.Nd3 h6
37.Ra6 c5 38.dxc5 bxc5 39.Nxc5 Bxc3 40.Ne6+ Kf7 41.Nd8+ Ke8 42.Rxh6 Be1+
43.Kf1 Bg3 44.Re6 Kd7 45.Rxe7+ Kxe7 46.Bxg5+ Kd7 47.Nf7 Ke6 48.Nh6 Nf3 49.Kg2 Nxg5
50.Kxg3 d4 51.h4 d3 52.Kf2 Ne4+ 53.Ke3 d2 54.Ke2 Ke5 55.g5 Kd4 56.Nf5+ Kc3
57.Ne3 Ng3+ 58.Kd1 Ne4 59.Ke2 Ng3+ 60.Kf3 Nf5 61.Nd1+ Kc2 62.Nf2 Nxh4+ 63.Kg4 Ng6
64.Kf5  1/2-1/2

[Event "30th Roquetas de Mar Open"]
[Site "Roquetas de Mar ESP"]
[Date "2019.01.05"]
[Round "6.2"]
[White "Shirov,A"]
[Black "Arjun,Kalyan"]
[Result "1/2-1/2"]
[WhiteElo "2643"]
[BlackElo "2406"]

1.e4 e5 2.Nf3 Nc6 3.Bb5 a6 4.Ba4 Nf6 5.O-O Be7 6.Re1 b5 7.Bb3 d6 8.c3 O-O
9.h3 Nb8 10.d4 Nbd7 11.c4 c6 12.Nc3 b4 13.Na4 c5 14.d5 Re8 15.Bc2 Nf8 16.a3 a5
17.b3 Ng6 18.Nb2 Bd7 19.Nd3 h6 20.Nh2 Nh7 21.Bb2 Bg5 22.Qe2 Rf8 23.Nf1 Bf6
24.Ra2 Qb6 25.Rea1 Qb7 26.Ng3 Bg5 27.Nf5 Bxf5 28.exf5 Nf4 29.Nxf4 exf4 30.Qf3 bxa3
31.Rxa3 Qe7 32.Bc3 Bf6 33.Re1 Qc7 34.Bxf6 Nxf6 35.Qxf4 Rfe8 36.Raa1 Rxe1+
37.Rxe1 Re8 38.Rxe8+ Nxe8 39.g4 Qe7 40.Qd2 Qg5 41.f4 Qf6 42.Bd1 Kf8 43.Kg2 Qa1
44.g5 Qb1 45.Qc2 Qxc2+ 46.Bxc2 f6 47.h4 Nc7 48.Kf3 Kf7 49.Ke3 Na8 50.Bd1 Kf8
51.Ke4  1/2-1/2

[Event "30th Roquetas de Mar Open"]
[Site "Roquetas de Mar ESP"]
[Date "2019.01.06"]
[Round "8.3"]
[White "Shirov,A"]
[Black "Sosa,T ARG"]
[Result "1/2-1/2"]
[WhiteElo "2643"]
[BlackElo "2488"]

1.e4 e5 2.Nf3 Nc6 3.Bb5 a6 4.Ba4 d6 5.O-O Bd7 6.d4 exd4 7.Nxd4 b5 8.Nxc6 Bxc6
9.Bb3 Nf6 10.c4 Be7 11.Nc3 O-O 12.Qc2 Qd7 13.Rd1 b4 14.Nd5 a5 15.a4 bxa3
16.Rxa3 a4 17.Ba2 Nxd5 18.exd5 Bb7 19.Rh3 g6 20.Qd2 h5 21.Bb1 Rfe8 22.Rxh5 Qg4
23.Rh3 Bg5 24.Qc2 Bxc1 25.Qxc1 Ba6 26.Rc3 Rab8 27.h3 Qh5 28.Bc2 Re2 29.Bxa4 Rbxb2
30.Rf3 Qh4 31.Qf4 Qxf4 32.Rxf4 Rb4 33.Bc6 Rxc4 34.Rf3 Rcc2 35.Ra1 Bc4 36.Ra8+ Kg7
37.Rd8 Re7 38.Rf4 Ba2 39.Ra8 Rd2 40.Ra5 Re5 41.Ra7 Re7 42.Ra5 Re5 43.Ra7 Re7  1/2-1/2

[Event "30th Roquetas de Mar Open"]
[Site "Roquetas de Mar ESP"]
[Date "2019.01.07"]
[Round "9.3"]
[White "Shirov,A"]
[Black "Barski,R"]
[Result "1-0"]
[WhiteElo "2643"]
[BlackElo "2467"]

1.e4 c5 2.Nf3 d6 3.d4 cxd4 4.Nxd4 Nf6 5.Nc3 a6 6.h3 e5 7.Nb3 Be6 8.f4 g6
9.f5 gxf5 10.exf5 Bxb3 11.axb3 Nbd7 12.Be3 Qc7 13.Be2 Qc6 14.Bf3 e4 15.Be2 b5
16.Qd2 h5 17.O-O-O Rc8 18.Kb1 h4 19.Rhe1 b4 20.Nd5 Nxd5 21.Qxd5 Qxc2+ 22.Ka2 Bg7
23.f6 Bxf6 24.Rd2 Qc6 25.Qf5 Be5 26.Bg4 Rc7 27.Bd4 Nc5 28.Re3 Qd5 29.Rd1 a5
30.Kb1 Rg8 31.Qh5 Kf8 32.Qh6+ Ke7 33.Qxh4+ Ke8 34.Bc3 Qxb3 35.Bxe5 Nd3 36.Rdxd3 Qc2+
37.Ka2 Qa4+ 38.Kb1 Qc2+ 39.Ka2 Qa4+ 40.Ra3 bxa3 41.Rxa3 Qc4+ 42.b3 Qd5 43.Bb2 Qd2
44.Qh7 Rg6 45.Ra4 d5 46.Qh8+ Ke7 47.Qe5+  1-0

[Event "TCh-CZE Extraliga 2018-19"]
[Site "Czech Republic CZE"]
[Date "2019.01.12"]
[Round "5.5"]
[White "Polak,T"]
[Black "Shirov,A"]
[Result "1/2-1/2"]
[WhiteElo "2503"]
[BlackElo "2636"]

1.d4 Nf6 2.c4 c6 3.Nc3 d5 4.e3 Nbd7 5.Nf3 e6 6.Qc2 Bd6 7.b3 O-O 8.Be2 b6
9.O-O Bb7 10.Bb2 Qe7 11.Rad1 Rad8 12.Rfe1 Rfe8 13.h3 Nf8 14.a3 Ng6 15.b4 dxc4
16.e4 e5 17.Bxc4 exd4 18.Nxd4 Nh4 19.e5 Bxe5 20.Nf5 Nxf5 21.Qxf5 Rxd1 22.Nxd1 Bh2+
23.Kxh2 Qxe1 24.Bxf6 gxf6 25.Ne3 Qc3 26.Qd7 Qe5+ 27.f4 Qe7 28.Qg4+ Kh8 29.Nf5 Qf8
30.Qh4 Re6 31.Nd4 Rd6 32.Nf5 Re6 33.Nd4 Rd6 34.Nf5  1/2-1/2

[Event "TCh-FIN 2018-19"]
[Site "Finland FIN"]
[Date "2019.04.05"]
[Round "9.1"]
[White "Shirov,A"]
[Black "Nyback,T"]
[Result "1/2-1/2"]
[WhiteElo "2636"]
[BlackElo "2579"]

1.d4 Nf6 2.Nf3 g6 3.Bg5 Bg7 4.Nbd2 O-O 5.e4 d5 6.exd5 Nxd5 7.Nb3 h6 8.Bd2 Nc6
9.Bb5 Bg4 10.Bxc6 bxc6 11.h3 Bf5 12.O-O Nb6 13.Qc1 g5 14.Ne5 Qe8 15.Na5 c5
16.Re1 cxd4 17.Nec6 Nd5 18.c4 dxc3 19.Bxc3 Bxc3 20.bxc3 e6 21.Qa3 Kg7 22.Rad1 Nf4
23.Qc5 Bg6 24.g3 Nxh3+ 25.Kg2 g4 26.Qd4+ f6 27.Qxg4 Ng5 28.Qb4 Bc2 29.f4 Bxd1
30.Rxd1 Nf7 31.Qb7 Qc8 32.Qxc8 Rfxc8 33.Rd7 Kf8 34.Nb7 Re8 35.Nc5 e5 36.Rxc7 exf4
37.gxf4 Re2+ 38.Kf3 Rae8 39.Nd7+ Kg7 40.Nde5 fxe5 41.Kxe2 exf4+ 42.Kf2 Kf6
43.Rxa7 Ng5 44.Nd4 Re3 45.Ra6+ Ke5 46.Rxh6 Ne4+ 47.Kf1 Nxc3 48.Nc6+ Kf5 49.Rh8 Ne2
50.Rf8+ Kg4 51.Kf2 Ng3 52.Rg8+ Kf5 53.Rf8+ Kg5 54.Rg8+ Kh6 55.Rf8 Ne4+ 56.Kf1 Nd2+
57.Kf2 Ne4+  1/2-1/2

[Event "TCh-FIN 2018-19"]
[Site "Finland FIN"]
[Date "2019.04.06"]
[Round "10.1"]
[White "Yemelin,V"]
[Black "Shirov,A"]
[Result "1/2-1/2"]
[WhiteElo "2536"]
[BlackElo "2636"]

1.e4 e5 2.Nf3 Nc6 3.Nc3 Nf6 4.d4 exd4 5.Nxd4 Bb4 6.Nxc6 bxc6 7.Bd3 d5 8.Bd2 O-O
9.O-O Bxc3 10.Bxc3 Nxe4 11.Bxe4 dxe4 12.Qe2 Bf5 13.Rad1 Qg5 14.Qe3 Qxe3 15.fxe3 Be6
16.Be5 a5 17.Rd4 Bxa2 18.Ra1 c5 19.Rxe4 Bd5 20.Rea4 Rfe8 21.Bxc7 Rxe3 22.Rxa5 Rxa5
23.Rxa5 Re2 24.Rxc5 Be4 25.Kf1 Rxc2 26.Rxc2 Bxc2 27.Ke2 Be4 28.g3  1/2-1/2

[Event "TCh-FIN 2018-19"]
[Site "Finland FIN"]
[Date "2019.04.07"]
[Round "11.1"]
[White "Shirov,A"]
[Black "Ebeling,D"]
[Result "1-0"]
[WhiteElo "2636"]
[BlackElo "2475"]

1.d4 Nf6 2.c4 e6 3.Nf3 Bb4+ 4.Nbd2 d5 5.Qa4+ Nc6 6.a3 Bxd2+ 7.Bxd2 Ne4 8.e3 O-O
9.Qc2 e5 10.cxd5 Nxd2 11.dxc6 Nxf3+ 12.gxf3 exd4 13.O-O-O Qf6 14.Rxd4 Qxf3
15.Rg1 b6 16.Rf4 Qh5 17.Qc3 g6 18.Bc4 Be6 19.Bxe6 fxe6 20.Rd1 Rxf4 21.exf4 Qf5
22.Rd7 Qxf4+ 23.Kb1 e5 24.Qh3 Kf8 25.Qxh7 Qf6 26.Qh6+ Kg8 27.Rxc7 e4 28.Qh3 e3
29.fxe3 Re8 30.Rxa7 b5 31.c7  1-0

[Event "53rd Ilmar Raud Olympic"]
[Site "Viljandi EST"]
[Date "2019.07.06"]
[Round "1.1"]
[White "Shirov,A"]
[Black "Andrijashkin,Deniss"]
[Result "1-0"]
[WhiteElo "2658"]
[BlackElo "1862"]

1.e4 e5 2.Nf3 Nc6 3.Bb5 g6 4.d4 exd4 5.Bg5 Be7 6.Bxe7 Ngxe7 7.Nxd4 O-O 8.Nc3 a6
9.Be2 d6 10.h4 Nxd4 11.Qxd4 Nc6 12.Qe3 f5 13.h5 f4 14.Qd2 g5 15.g3 Ne5 16.gxf4 gxf4
17.O-O-O Be6 18.Rdg1+ Kh8 19.Nd5 Bxd5 20.exd5 Qf6 21.Qc3 Rf7 22.h6 Rg8 23.Rxg8+ Kxg8
24.Bh5 Re7 25.Rg1+ Kh8 26.Qh3 Qf8 27.Bg4 Qf6 28.Bc8 Re8 29.Bxb7 Rb8 30.Bxa6 Nc4
31.Qc3 Qxc3 32.bxc3 Ne5 33.Rg7 Ra8 34.Rxc7 Ng4 35.Bd3  1-0

[Event "53rd Ilmar Raud Olympic"]
[Site "Viljandi EST"]
[Date "2019.07.06"]
[Round "1.2"]
[White "Andrijashkin,Deniss"]
[Black "Shirov,A"]
[Result "0-1"]
[WhiteElo "1862"]
[BlackElo "2658"]

1.Nf3 d5 2.g3 Bg4 3.Bg2 Nd7 4.d3 e5 5.Nbd2 Bd6 6.e4 Ne7 7.h3 Bh5 8.exd5 Nxd5
9.Nc4 O-O 10.Nxd6 cxd6 11.O-O f5 12.c3 N5f6 13.Qb3+ Bf7 14.Qxb7 Nc5 15.Qb4 Nxd3
16.Qa3 Ne4 17.Nd2 Nxc1  0-1

[Event "53rd Ilmar Raud Olympic"]
[Site "Viljandi EST"]
[Date "2019.07.07"]
[Round "4.1"]
[White "Shirov,A"]
[Black "Sepp,O"]
[Result "1/2-1/2"]
[WhiteElo "2658"]
[BlackElo "2411"]

1.d4 Nf6 2.Nf3 g6 3.Bg5 Bg7 4.Nbd2 O-O 5.e4 d6 6.Bd3 c5 7.dxc5 dxc5 8.Qe2 Nc6
9.c3 h6 10.Be3 b6 11.h3 Be6 12.O-O Qc7 13.Rfd1 Rad8 14.a4 Nh5 15.Bc4 Bc8
16.Nb3 Ne5 17.Nxe5 Qxe5 18.Rxd8 Rxd8 19.Rd1 Rd6 20.Rxd6 Qxd6 21.a5 Bb7 22.axb6 axb6
23.Nd2 e6 24.Qd3 Qc7 25.Bb5 Nf6 26.f3 Bc6 27.Bxc6 Qxc6 28.Nc4 Nd7 29.Kf2 h5
30.Ke2 Qb5 31.Nd2 Qc6 32.Nc4 Qb5 33.Nd2 Nb8  1/2-1/2

[Event "53rd Ilmar Raud Olympic"]
[Site "Viljandi EST"]
[Date "2019.07.07"]
[Round "5.2"]
[White "Shirov,A"]
[Black "Kanep,M"]
[Result "1-0"]
[WhiteElo "2658"]
[BlackElo "2432"]

1.e4 d6 2.d4 Nf6 3.Nc3 Nbd7 4.g4 h6 5.h3 e5 6.Nge2 c6 7.Bg2 b5 8.Ng3 b4 9.Nce2 c5
10.dxe5 dxe5 11.O-O g6 12.f4 Qe7 13.fxe5 Nxe5 14.g5 Nfd7 15.Nf4 Bb7 16.Nd5 Qd6
17.gxh6 Bxd5 18.exd5 f5 19.a3 Bxh6 20.Bxh6 Rxh6 21.axb4 cxb4 22.Qd4 a5 23.Rae1 Kd8
24.h4 Qf6 25.Re4 Ra6 26.h5 Qb6 27.Qxb6+ Rxb6 28.Rd4 gxh5 29.Nxf5 Rhf6 30.Rh4 Nf7
31.Rxh5 Nd6 32.Nd4 Rxf1+ 33.Kxf1 a4 34.Rh8+ Ne8 35.Nc6+  1-0

[Event "Tal Memorial Rapid 2019"]
[Site "Riga LAT"]
[Date "2019.07.16"]
[Round "3.4"]
[White "Usmanov,V"]
[Black "Shirov,A"]
[Result "0-1"]
[WhiteElo "2443"]
[BlackElo "2658"]

1.Nf3 d5 2.e3 Nf6 3.c4 c6 4.Nc3 Nbd7 5.d4 e6 6.Qc2 Bd6 7.b3 O-O 8.Be2 b6
9.O-O Bb7 10.Bb2 Qe7 11.Rfe1 Rad8 12.g3 Rfe8 13.Bf1 dxc4 14.bxc4 c5 15.Bg2 cxd4
16.exd4 Rc8 17.Qb3 Nb8 18.Nb5 Bb4 19.Nxa7 Bxe1 20.Rxe1 Rcd8 21.Ba3 Qc7 22.Nb5 Qc6
23.Nh4 Qd7 24.Bxb7 Qxb7 25.Nd6 Rxd6 26.Bxd6 Nc6 27.Be5 Nd7 28.Qf3 Qa8 29.Ng2 f6
30.Bf4 Nxd4 31.Qxa8 Rxa8 32.Rd1 Nf3+ 33.Kh1 Rxa2 34.Rxd7 Ra1+ 35.Ne1 Nxe1
36.Be3 g5 37.Bd4 Rd1 38.Rd8+ Kf7 39.Bxb6 Rb1 40.Rd7+ Kg6 41.Rd6 Nf3+ 42.Kg2 g4  0-1

[Event "Tal Memorial Rapid 2019"]
[Site "Riga LAT"]
[Date "2019.07.16"]
[Round "5.1"]
[White "Kovalenko,I"]
[Black "Shirov,A"]
[Result "1-0"]
[WhiteElo "2654"]
[BlackElo "2658"]

1.e4 c5 2.Nf3 Nc6 3.Bb5 e6 4.O-O Nge7 5.Re1 a6 6.Bf1 d5 7.exd5 Qxd5 8.c3 Ng6
9.d4 Bd6 10.g3 O-O 11.Bg2 Qh5 12.Be3 cxd4 13.Nxd4 Qxd1 14.Rxd1 Nxd4 15.Bxd4 e5
16.Bb6 Be7 17.a4 Bg4 18.Re1 Rab8 19.Nd2 f6 20.Nc4 Be6 21.Na5 Bd8 22.Bxd8 Rfxd8
23.Nxb7 Rdc8 24.Red1 Rc7 25.Rd6 Nf8 26.Nd8 Bf7 27.Nxf7 Kxf7 28.Ra2 a5 29.Ra6 Rc5
30.Ra7+ Kg6 31.Be4+ Kh6 32.Kf1 Ne6 33.Ke2 Ng5 34.Bg2 e4 35.h4 Ne6 36.Bh3 Nc7
37.Ke3 Re8 38.Ra1 Rd8 39.Bf1 f5 40.Ke2 Rb8 41.Ra2 Nd5 42.Ke1 f4 43.gxf4 Nxf4
44.Re7 g5 45.Rxe4 Rd8 46.Ra1 Rcd5 47.b4 Rd2 48.bxa5 Rc2 49.a6 Kh5 50.hxg5 Kxg5
51.Re3 h5 52.Rb1 h4 53.a7 Ra2 54.Re4 h3 55.Rxf4 h2  1-0

[Event "Tal Memorial Rapid 2019"]
[Site "Riga LAT"]
[Date "2019.07.16"]
[Round "6.7"]
[White "Shirov,A"]
[Black "Kunin,V"]
[Result "1/2-1/2"]
[WhiteElo "2658"]
[BlackElo "2527"]

1.e4 c5 2.Nf3 Nc6 3.Bb5 d6 4.O-O Bd7 5.Re1 Nf6 6.c3 a6 7.Bf1 Bg4 8.d4 cxd4
9.cxd4 Bxf3 10.gxf3 e5 11.d5 Ne7 12.f4 exf4 13.Bxf4 Ng6 14.e5 dxe5 15.Bxe5 Nxe5
16.Rxe5+ Kd7 17.Qc2 Qc7 18.Qf5+ Kd8 19.Nd2 Bd6 20.Nc4 Bxe5 21.Nxe5 Ke7 22.Re1 Kf8
23.Qf4 Nxd5 24.Qf3 Nf6 25.Bc4 Re8 26.Qa3+ Kg8 27.f4 g6 28.Bxf7+ Kg7 29.Bxe8 Rxe8
30.Rd1 Rd8 31.Rxd8 Qxd8 32.Qb3 Qd4+ 33.Kg2 Qe4+ 34.Qf3 Qc2+ 35.Qf2 Qe4+ 36.Qf3 Qc2+
37.Qf2  1/2-1/2

[Event "Tal Memorial Rapid 2019"]
[Site "Riga LAT"]
[Date "2019.07.17"]
[Round "7.10"]
[White "Frolyanov,D"]
[Black "Shirov,A"]
[Result "1/2-1/2"]
[WhiteElo "2542"]
[BlackElo "2658"]

1.e4 e5 2.Nf3 Nc6 3.Bb5 a6 4.Ba4 Nf6 5.O-O Be7 6.Re1 b5 7.Bb3 d6 8.c3 O-O
9.h3 Nb8 10.d4 Nbd7 11.c4 c6 12.Nc3 b4 13.Na4 c5 14.d5 Re8 15.Bc2 Nf8 16.a3 a5
17.b3 Ng6 18.Nb2 Bd7 19.Nd3 h6 20.Bd2 Nh7 21.Qe2 Ng5 22.Ra2 Nxf3+ 23.Qxf3 Bg5
24.Bxg5 Qxg5 25.Rea1 bxa3 26.Rxa3 f5 27.Qg3 Qf6 28.exf5 Bxf5 29.Bd1 Bxd3
30.Qxd3 e4 31.Qe3 Nf4 32.Bg4 h5 33.g3 hxg4 34.Qxf4 Qxf4 35.gxf4 gxh3 36.Rxa5 Rab8
37.Rb5 Rxb5 38.cxb5 Rb8 39.Ra6 Rxb5 40.Rxd6 Rxb3 41.Rc6 Rc3 42.Rc7 Kh7 43.d6 Kg6
44.d7 Rd3 45.Rxc5 Rxd7 46.Re5 Rd4 47.Kh2 Rd3 48.Rxe4 Kf5 49.Re3 Rxe3 50.fxe3 Kg4
51.f5 Kxf5  1/2-1/2

[Event "Tal Memorial Rapid 2019"]
[Site "Riga LAT"]
[Date "2019.07.17"]
[Round "9.8"]
[White "Sulskis,S"]
[Black "Shirov,A"]
[Result "1/2-1/2"]
[WhiteElo "2528"]
[BlackElo "2658"]

1.e4 e5 2.Nf3 Nc6 3.Bb5 a6 4.Ba4 Nf6 5.O-O b5 6.Bb3 Bc5 7.a4 Rb8 8.c3 d6
9.d4 Bb6 10.a5 Ba7 11.Be3 Bg4 12.dxe5 Bxf3 13.Qxf3 Nxe5 14.Qe2 Bxe3 15.Qxe3 O-O
16.Nd2 c5 17.Rfd1 Re8 18.h3 Qc7 19.Nf1 Nc6 20.Ng3 Nxa5 21.Nf5 Nxb3 22.Qg5 Nh5
23.Rxa6 g6 24.Raxd6 f6 25.Nh6+ Kh8 26.Qd5 Nf4 27.Qxb3 c4 28.Qc2 Nd3 29.R1xd3 cxd3
30.Qxd3 Qc4 31.Qf3 Rf8 32.Rxf6 Kg7 33.Ng4 Qc7 34.e5 h5 35.Qe4 Rxf6 36.exf6+ Kf8
37.Ne5 Re8 38.f4 g5 39.Ng6+ Kf7 40.Ne5+ Kxf6 41.Qg6+ Ke7 42.Qxg5+ Kd6 43.Qxh5 Rg8
44.Qd1+ Ke7 45.Qd5 Qb6+ 46.Kh2 Rg7 47.Qd7+ Kf6 48.Qe8 Qd6 49.Ng4+ Kf5 50.Qe3 Qxf4+
51.Qxf4+ Kxf4 52.g3+ Kf3 53.c4 Re7 54.cxb5 Re2+ 55.Kg1 Rxb2 56.Ne5+ Ke4 57.Ng4 Kf3
58.Ne5+ Kxg3 59.Kf1 Rb4 60.Nd3 Rxb5 61.Ke2  1/2-1/2

[Event "Tal Memorial Rapid 2019"]
[Site "Riga LAT"]
[Date "2019.07.17"]
[Round "11.5"]
[White "Shirov,A"]
[Black "Alekseev,Evgeny"]
[Result "0-1"]
[WhiteElo "2658"]
[BlackElo "2645"]

1.e4 c5 2.Nf3 e6 3.d4 cxd4 4.Nxd4 Nc6 5.Nc3 a6 6.Be2 d6 7.Be3 Nf6 8.f4 Be7
9.g4 d5 10.g5 Nxe4 11.Nxc6 bxc6 12.Nxe4 dxe4 13.Qxd8+ Bxd8 14.O-O-O Be7 15.Rd4 h6
16.h4 c5 17.Rc4 hxg5 18.fxg5 Bd7 19.a4 Bb5 20.axb5 axb5 21.Rxc5 Bxc5 22.Bxb5+ Kd8
23.Kd2 Bxe3+ 24.Kxe3 Ke7 25.c4 Rhd8 26.Rh2 Rd3+ 27.Kf4 e3 28.Re2 Rh8 29.Kg3 f5
30.gxf6+ gxf6 31.c5 Rd5 32.b4 Rd4 33.Ra2 f5 34.c6 Rxb4 35.Ra7+ Kf6 36.Ba6 Ra4
37.c7 f4+ 38.Kf3 e5 39.h5 e4+ 40.Kxf4 e2  0-1

[Event "Tal Memorial Blitz 2019"]
[Site "Riga LAT"]
[Date "2019.07.18"]
[Round "5.4"]
[White "Onischuk,V"]
[Black "Shirov,A"]
[Result "1-0"]
[WhiteElo "2637"]
[BlackElo "2658"]

1.e4 e5 2.Nf3 Nc6 3.Bc4 Bc5 4.d3 Nf6 5.O-O O-O 6.Bb3 d6 7.c3 a5 8.Nbd2 Be6
9.Bc2 h6 10.h3 b5 11.Re1 Qb8 12.Nf1 d5 13.exd5 Bxd5 14.Be3 Bxe3 15.Rxe3 Re8
16.Ng3 Qb6 17.Qd2 Rad8 18.Qe2 b4 19.Ba4 bxc3 20.bxc3 Qc5 21.Qe1 Bxf3 22.Rxf3 Re6
23.Bb3 Nd5 24.Ne4 Qe7 25.Rb1 Rg6 26.g3 Nf4 27.Qf1 Ne6 28.Kh2 Rf8 29.h4 f5
30.h5 Rg4 31.Qh3 Kh7 32.Rxf5 Rxf5 33.Qxg4  1-0

[Event "Tal Memorial Blitz 2019"]
[Site "Riga LAT"]
[Date "2019.07.18"]
[Round "7.9"]
[White "Jumabayev,R"]
[Black "Shirov,A"]
[Result "0-1"]
[WhiteElo "2633"]
[BlackElo "2658"]

1.d4 d5 2.c4 c6 3.Nf3 Nf6 4.Qb3 dxc4 5.Qxc4 Bf5 6.g3 e6 7.Bg2 Nbd7 8.O-O Be7
9.e3 O-O 10.Qe2 Ne4 11.Rd1 Qa5 12.Nfd2 Ndf6 13.Nb3 Qb6 14.f3 Nd6 15.e4 Bg6
16.e5 Nf5 17.exf6 Bxf6 18.Nc3 Nxd4 19.Nxd4 Bxd4+ 20.Kh1 Rad8 21.Bg5 f6 22.Bc1 e5
23.Ne4 h6 24.g4 c5 25.Rb1 c4 26.Qxc4+ Bf7 27.Qa4 Rc8 28.Bd2 Rc4 29.Qa5 Qc6
30.Rbc1 Rc8 31.Rxc4 Qxc4 32.Bc3 Qe2 33.Re1 Bxc3 34.Qxc3 Rxc3 35.Rxe2 Rc1+
36.Bf1 Bc4 37.Rd2 Bxf1 38.Kg1 Bd3+ 39.Kf2 Bxe4 40.fxe4 Rc7 41.Ke3 Kh7 42.h4 h5
43.Kf3 Kg6 44.Rg2 Rd7 45.g5 Rd3+ 46.Ke2 Rh3 47.gxf6+ Kxf6 48.Rf2+ Ke6 49.Rg2 Rxh4
50.Rxg7 Rh2+ 51.Kd3 Rxb2  0-1

[Event "Tal Memorial Blitz 2019"]
[Site "Riga LAT"]
[Date "2019.07.18"]
[Round "8.4"]
[White "Shirov,A"]
[Black "Chigaev,M"]
[Result "1/2-1/2"]
[WhiteElo "2658"]
[BlackElo "2640"]

1.e4 e5 2.Nf3 Nc6 3.Bb5 a6 4.Ba4 Nf6 5.O-O Be7 6.Re1 b5 7.Bb3 d6 8.c3 O-O
9.h3 Na5 10.Bc2 c5 11.d4 Nd7 12.dxc5 dxc5 13.Nbd2 Bb7 14.Nf1 Nc4 15.Ng3 Nd6
16.Nh2 Qc7 17.Ng4 Rad8 18.Qe2 Kh8 19.Ne3 c4 20.Ngf5 Nxf5 21.Nxf5 Bf6 22.Be3 Nc5
23.Bxc5 Qxc5 24.Rad1 g6 25.Ne3 Bg5 26.Nd5 Bxd5 27.exd5 Rxd5 28.Rxd5 Qxd5
29.Qxe5+ Qxe5 30.Rxe5 Bc1 31.b3 Bd2  1/2-1/2

[Event "Tal Memorial Blitz 2019"]
[Site "Riga LAT"]
[Date "2019.07.18"]
[Round "11.1"]
[White "Shirov,A"]
[Black "Kovalenko,I"]
[Result "0-1"]
[WhiteElo "2658"]
[BlackElo "2654"]

1.e4 c6 2.d4 d5 3.exd5 cxd5 4.Bf4 Nc6 5.c3 Nf6 6.Nd2 Bf5 7.Ngf3 e6 8.Nh4 Bg6
9.Qb3 Qd7 10.Nxg6 hxg6 11.Bb5 Bd6 12.Bxd6 Qxd6 13.Nf3 O-O 14.O-O a6 15.Bxc6 bxc6
16.Ne5 c5 17.Qa3 Rfc8 18.Nd3 Nd7 19.Rfc1 Qb6 20.Qa4 Qb5 21.Qd1 c4 22.Nb4 a5
23.a4 Qb8 24.Nc2 Nf6 25.Na3 Ne4 26.Rab1 Qf4 27.Rc2 Rab8 28.Nb5 Rc6 29.b3 cxb3
30.Rxb3 g5 31.g3 Qf6 32.Qd3 g4 33.c4 Rxc4 34.Rbb2 Rbc8 35.Rxc4 Rxc4 36.Qe2 Qf3
37.Qe1 Rxa4 38.Rc2 Rc4 39.Ra2 a4 40.Na3 Rxd4  0-1

[Event "Tal Memorial Blitz 2019"]
[Site "Riga LAT"]
[Date "2019.07.18"]
[Round "12.4"]
[White "Khismatullin,D"]
[Black "Shirov,A"]
[Result "1/2-1/2"]
[WhiteElo "2618"]
[BlackElo "2658"]

1.Nf3 d5 2.e3 Nf6 3.c4 c6 4.Nc3 Nbd7 5.d4 e6 6.Qc2 Bd6 7.b3 O-O 8.Bb2 e5
9.Be2 e4 10.Nd2 Re8 11.cxd5 cxd5 12.Nb5 Nf8 13.Nxd6 Qxd6 14.Rc1 Bg4 15.Qc7 Qxc7
16.Rxc7 Rac8 17.Rc3 Rxc3 18.Bxc3 Rc8 19.Nb1 Bxe2 20.Kxe2 N6d7 21.Rc1 f5 22.f3 Kf7
23.Bb2 Rxc1 24.Bxc1 Ke6 25.Nc3 Ng6 26.a4 a6 27.Ba3 Nb8 28.b4 Nc6 29.b5 Na5
30.Kf2 Nc4 31.Bc1 exf3 32.gxf3 Ne7 33.h4 Nc8 34.e4 fxe4 35.fxe4 dxe4 36.bxa6 bxa6
37.Nxe4 Kd5 38.Nc5 a5 39.Nd7 N8b6 40.Nxb6+ Nxb6 41.Bd2 Nc4 42.Bc3 Ke4 43.d5 Kxd5
44.Bxg7 Ke4 45.h5 Kd3 46.Bf6 Ke4 47.Kg3 Kf5 48.Bd8 Nb2  1/2-1/2

[Event "CellaVision Cup 2019"]
[Site "Lund SWE"]
[Date "2019.08.02"]
[Round "3.1"]
[White "Shirov,A"]
[Black "Ernst,T"]
[Result "1/2-1/2"]
[WhiteElo "2658"]
[BlackElo "2329"]

1.e4 e5 2.Nf3 Nc6 3.Bb5 a6 4.Ba4 Nf6 5.O-O Nxe4 6.d4 b5 7.Bb3 d5 8.dxe5 Be6
9.Nbd2 Nc5 10.c3 d4 11.Bxe6 Nxe6 12.cxd4 Ncxd4 13.a4 Bc5 14.Ne4 O-O 15.Nfg5 Qd5
16.Nxe6 fxe6 17.Nxc5 Qxc5 18.Be3 Rad8 19.axb5 axb5 20.Qh5 Qd5 21.Rfd1 c5
22.b4 Rf5 23.Qh4 Rxe5 24.bxc5 Re4 25.Qh3 Qxc5 26.Bxd4 Rexd4 27.Qxe6+ Kh8
28.Re1 Qd5 29.h3 Qxe6 30.Rxe6 Rd1+ 31.Rxd1 Rxd1+ 32.Kh2  1/2-1/2

[Event "ch-ESP Rapid 2019"]
[Site "Linares ESP"]
[Date "2019.08.24"]
[Round "2.1"]
[White "Sanchez Jerez,E"]
[Black "Shirov,A"]
[Result "0-1"]
[WhiteElo "2141"]
[BlackElo "2658"]

1.e4 e5 2.Nf3 Nc6 3.Bc4 Bc5 4.b4 Bxb4 5.c3 Be7 6.d4 Na5 7.Be2 d6 8.dxe5 dxe5
9.Qa4+ c6 10.Nxe5 Nf6 11.O-O b5 12.Qc2 O-O 13.Rd1 Qb6 14.Be3 Bc5 15.Bd4 Be6
16.Nf3 Rfe8 17.Nbd2 Nb7 18.e5 Nd5 19.Ne4 Bxd4 20.cxd4 Nf4 21.Bf1 Rad8 22.Nfg5 Bf5
23.Qb3 Ne6 24.Qg3 Nxg5 25.Nxg5 Rxd4 26.Qb3 Be6 27.Nxe6 fxe6 28.Rxd4 Qxd4
29.Rd1 Qxe5 30.Rd7 Nc5  0-1

[Event "ch-ESP Rapid 2019"]
[Site "Linares ESP"]
[Date "2019.08.24"]
[Round "4.1"]
[White "Tejedor Fuentes,E"]
[Black "Shirov,A"]
[Result "1-0"]
[WhiteElo "2453"]
[BlackElo "2658"]

1.d4 d5 2.Bf4 c5 3.e3 cxd4 4.exd4 Nc6 5.c3 Nf6 6.Nd2 Bf5 7.Qb3 Qc8 8.Ngf3 h6
9.Ne5 e6 10.Bb5 a6 11.Bxc6+ bxc6 12.Qa4 Bd6 13.Bg3 O-O 14.Nxc6 Qd7 15.Bxd6 Qxd6
16.Ne5 Ng4 17.Nxg4 Bxg4 18.O-O Rab8 19.Qc2 Rfc8 20.b3 Qa3 21.c4 a5 22.Rfc1 a4
23.c5 Qb4 24.Qc3 Qxc3 25.Rxc3 Rb4 26.Rd3 a3 27.Nb1 Bf5 28.Rd1 e5 29.dxe5 Rxc5
30.Nxa3 Ra5 31.Nb1 Rxb3 32.axb3 Rxa1 33.Nc3 Rxd1+ 34.Nxd1 Bc2 35.Ne3 Bxb3
36.Nf5 Kf8 37.f4 Bc2 38.Nd4 Be4 39.Kf2 Ke7 40.g4 f6 41.e6 g6 42.f5 gxf5 43.gxf5 Kd6
44.Kg3 Ke7 45.Kh4 Kf8 46.Kh5 Kg7 47.e7 Kf7 48.Kxh6 Kxe7 49.Kg7  1-0

[Event "ch-ESP Rapid 2019"]
[Site "Linares ESP"]
[Date "2019.08.24"]
[Round "5.9"]
[White "Shirov,A"]
[Black "Marino Bravo,Mi"]
[Result "1-0"]
[WhiteElo "2658"]
[BlackElo "2165"]

1.e4 c5 2.Nf3 Nc6 3.Bb5 g6 4.O-O Bg7 5.c3 d5 6.e5 Qb6 7.c4 dxc4 8.Nc3 Nh6
9.Nd5 Qd8 10.Bxc6+ bxc6 11.Ne3 O-O 12.Nxc4 Nf5 13.b3 Nd4 14.Ba3 Bg4 15.Bxc5 Nxf3+
16.gxf3 Bh3 17.Re1 Qd5 18.Bxe7 Rfe8 19.Bd6 Rad8 20.d4 Qe6 21.Kh1 Qf5 22.Rg1 Bh6
23.Rg3 Bf4 24.Ne3 Qh5 25.Ng4 Re6 26.Be7 Re8 27.Nf6+ Rxf6 28.Bxf6 Qf5 29.Qb1 Qh5
30.Qe4 Rf8 31.Qxf4  1-0

[Event "ch-ESP Rapid 2019"]
[Site "Linares ESP"]
[Date "2019.08.24"]
[Round "8.1"]
[White "Diaz Camallonga,C"]
[Black "Shirov,A"]
[Result "1/2-1/2"]
[WhiteElo "2436"]
[BlackElo "2658"]

1.e4 e5 2.Nf3 Nc6 3.Bb5 a6 4.Ba4 Nf6 5.d3 d6 6.c4 Bg4 7.Be3 Nd7 8.Nbd2 Be7
9.h3 Bh5 10.Nf1 Bxf3 11.Qxf3 O-O 12.Ng3 g6 13.O-O Rb8 14.Bxc6 bxc6 15.b3 c5
16.Qg4 Kh8 17.f4 exf4 18.Bxf4 Bf6 19.Rab1 Ne5 20.Qe2 Bg7 21.Kh2 Qh4 22.Nh1 Rbe8
23.Bg3 Qd8 24.Qd2 Qd7 25.Bf4 f5 26.Ng3 fxe4 27.Nxe4 Rf5 28.Ng3 Rf7 29.Be3 Ref8
30.d4 cxd4 31.Bxd4 Rxf1 32.Rxf1 Rxf1 33.Nxf1 h5 34.Be3 Kh7 35.Ng3 Nf7 36.Kh1 Qe6
37.Bd4 Bxd4 38.Qxd4 Qe1+ 39.Kh2 Ne5 40.Qf4 Kg8 41.Qf6 Qd2 42.Ne4 Qd4 43.Qd8+ Kg7
44.Qf6+ Kg8 45.Qd8+ Kg7 46.Qxc7+ Kh6 47.Nxd6 Qf4+ 48.Kh1 Qf1+ 49.Kh2 Qf2
50.Qb7 Qf4+ 51.Kh1 Qf1+ 52.Kh2 Qf4+ 53.Kh1 Qf1+  1/2-1/2

[Event "TCh-ESP Div 1 2019"]
[Site "Linares ESP"]
[Date "2019.08.26"]
[Round "1.3"]
[White "Shirov,A"]
[Black "Gonzalez Merino,A"]
[Result "1-0"]
[WhiteElo "2658"]
[BlackElo "2226"]

1.e4 e6 2.d4 d5 3.Nd2 Nf6 4.e5 Nfd7 5.Bd3 c5 6.c3 Nc6 7.Ne2 Qb6 8.Nf3 cxd4
9.cxd4 f6 10.exf6 Nxf6 11.O-O Bd6 12.Nf4 O-O 13.Re1 Re8 14.Ng5 Bxf4 15.Bxf4 Qxd4
16.Be3 Qb4 17.Nxh7 Re7 18.a3 Qd6 19.Nxf6+ gxf6 20.Qh5 f5 21.Rac1 d4 22.Bh6 Bd7
23.Qg6+ Kh8 24.Bxf5  1-0

[Event "TCh-ESP Div 1 2019"]
[Site "Linares ESP"]
[Date "2019.08.28"]
[Round "3.4"]
[White "Shirov,A"]
[Black "Volkov,Sergey1"]
[Result "0-1"]
[WhiteElo "2658"]
[BlackElo "2547"]

1.e4 e6 2.d4 d5 3.Nd2 Nf6 4.e5 Nfd7 5.Bd3 c5 6.c3 Nc6 7.Ne2 cxd4 8.cxd4 f6
9.exf6 Nxf6 10.O-O Bd6 11.Nf3 O-O 12.Bf4 Bxf4 13.Nxf4 Ne4 14.Ne2 Bd7 15.Ng3 Ng5
16.Ne5 Nxe5 17.dxe5 Nf7 18.f4 Qb6+ 19.Kh1 Bb5 20.Bxb5 Qxb5 21.Ne2 Nh6 22.Nd4 Qb6
23.f5 Rae8 24.f6 gxf6 25.exf6 Kh8 26.Qd2 Nf7 27.Rae1 Rg8 28.Nf3 Qd6 29.Qd4 e5
30.Qxa7 Re6 31.Qxb7 Rxf6 32.Nh4 Qe6 33.Rxf6 Qxf6 34.g3 Qf2 35.Rc1 Rd8 36.Qb5 e4
37.Rf1 Nd6 38.Qa6 Qc5 39.Ng2 Qc4 40.Qxc4 Nxc4 41.b3 Ne5 42.Nf4 Nf3 43.Kg2 d4
44.Ne6 Rc8 45.Rxf3 exf3+ 46.Kxf3 d3 47.Ng5 Re8  0-1